[Event "Catalunya-chT Gp2"]
[Site "Barcelona"]
[Date "2023.03.04"]
[Round "7.9"]
[White "Salinas Tomas, Daniel"]
[Black "Ibanez Tarradellas, Eduardo"]
[Result "1/2-1/2"]
[WhiteElo "2085"]
[BlackElo "2179"]
[PlyCount "28"]
[EventDate "2023.01.21"]
[EventType "team-tourn"]
[EventRounds "7"]
[EventCountry "ESP"]
[SourceTitle "CBM 213 Extra"]
[Source "ChessBase"]
[SourceDate "2023.05.31"]
[SourceVersion "1"]
[SourceVersionDate "2023.05.31"]
[SourceQuality "1"]
[WhiteTeam "Colon Sabadell"]
[BlackTeam "Figueres"]
[WhiteTeamCountry "ESP"]
[BlackTeamCountry "ESP"]

1. Nf3 d5 2. g3 Nc6 3. d4 Bg4 4. Bg2 Nf6 5. 0-0 e6 6. c4 Be7 7. Ne5 Bh5 8. Nc3 0-0 9. Bf4 dxc4 10. Bxc6 bxc6 11. Nxc6 Qe8 12. Qa4 Bd6 13. Qxc4 Bxf4 14. gxf4 Nd5 1/2-1/2

[Event "Catalunya-chT Gp2"]
[Site "Barcelona"]
[Date "2022.03.05"]
[Round "7.7"]
[White "Ryan, Joseph"]
[Black "Ibanez Tarradellas, Eduardo"]
[Result "1-0"]
[WhiteElo "2261"]
[BlackElo "2127"]
[PlyCount "97"]
[EventDate "2022.01.22"]
[EventType "team-tourn"]
[EventRounds "9"]
[EventCountry "ESP"]
[SourceTitle "CBM 208 Extra"]
[Source "ChessBase"]
[SourceDate "2022.07.31"]
[SourceVersion "1"]
[SourceVersionDate "2022.07.31"]
[SourceQuality "1"]
[WhiteTeam "Valls"]
[BlackTeam "Figueres"]
[WhiteTeamCountry "ESP"]
[BlackTeamCountry "ESP"]

1. e4 c5 2. Nf3 e6 3. d4 cxd4 4. Nxd4 Nf6 5. Nc3 d6 6. Be3 a6 7. f3 b5 8. Qd2 Nbd7 9. a3 Bb7 10. g4 Nb6 11. Qf2 Nfd7 12. Bd3 Be7 13. h4 Rc8 14. Nce2 d5 15. Nf4 Bc5 16. Nh5 0-0 17. Nb3 Bxe3 18. Qxe3 Nc4 19. Bxc4 bxc4 20. Nd4 Qa5+ 21. c3 dxe4 22. f4 Nc5 23. f5 Nd3+ 24. Kf1 Qe5 25. f6 g5 26. hxg5 Rc5 27. Ke2 Qxg5 28. Rag1 Qxe3+ 29. Kxe3 Rg5 30. Rh4 Ne5 31. Ng3 Nxg4+ 32. Kf4 h6 33. Rxh6 Nxh6 34. Kxg5 Kh7 35. Nh5 Rd8 36. Kh4 e5 37. Ne2 Rd2 38. Rg7+ Kh8 39. Kg5 Rxe2 40. Kxh6 Bd5 41. Rg5 Be6 42. Rxe5 Rg2 43. Nf4 Rh2+ 44. Kg5 Rxb2 45. Nxe6 fxe6 46. Rxe6 Kg8 47. Rxe4 Rb3 48. Rxc4 Rxa3 49. Kg6 1-0

[Event "Catalunya-chT Gp2"]
[Site "Barcelona"]
[Date "2022.01.22"]
[Round "1.6"]
[White "Obon Temprano, Sergi"]
[Black "Ibanez Tarradellas, Eduardo"]
[Result "1/2-1/2"]
[WhiteElo "2252"]
[BlackElo "2127"]
[PlyCount "82"]
[EventDate "2022.01.22"]
[EventType "team-tourn"]
[EventRounds "9"]
[EventCountry "ESP"]
[SourceTitle "CBM 206 Extra"]
[Source "ChessBase"]
[SourceDate "2022.03.31"]
[SourceVersion "1"]
[SourceVersionDate "2022.03.31"]
[SourceQuality "1"]
[WhiteTeam "Barbera"]
[BlackTeam "Figueres"]
[WhiteTeamCountry "ESP"]
[BlackTeamCountry "ESP"]

1. e4 c5 2. Nf3 e6 3. d4 cxd4 4. Nxd4 Nf6 5. Nc3 d6 6. g4 Be7 7. g5 Nfd7 8. Rg1 a6 9. Be3 b5 10. f4 Bb7 11. a3 Nc6 12. Bh3 0-0 13. g6 Nxd4 14. gxf7+ Rxf7 15. Qxd4 e5 16. Qd2 Qe8 17. 0-0-0 Bf8 18. Bxd7 Rxd7 19. Nd5 Rf7 20. f5 Rc8 21. Rg4 Bxd5 22. Qxd5 Qc6 23. Qxc6 Rxc6 24. h4 h5 25. Rg5 Rc4 26. Rxh5 Rxe4 27. Bd2 d5 28. Be1 d4 29. Rg5 Be7 30. Rg6 Rf6 31. h5 Rxf5 32. h6 Rg5 33. Rxa6 gxh6 34. Bd2 Rg2 35. Bxh6 Ree2 36. Rc6 Kf7 37. Kb1 Ke8 38. Bc1 Kd7 39. Rc3 b4 40. axb4 Bxb4 41. Rc4 Bd2 1/2-1/2

[Event "Lugano op 10"]
[Site "Lugano"]
[Date "2021.10.29"]
[Round "1"]
[White "Ibanez Tarradellas, Eduardo"]
[Black "Paul, Martin1111"]
[Result "1-0"]
[WhiteElo "2169"]
[BlackElo "1549"]
[PlyCount "55"]
[EventDate "2021.10.29"]
[EventType "swiss"]
[EventRounds "5"]
[EventCountry "SUI"]
[SourceTitle "CBM 205 Extra"]
[Source "ChessBase"]
[SourceDate "2022.01.31"]
[SourceVersion "1"]
[SourceVersionDate "2022.01.31"]
[SourceQuality "1"]

1. d4 Nf6 2. Bg5 g6 3. Bxf6 exf6 4. e3 d5 5. g3 Bf5 6. Nd2 Bg7 7. Bg2 0-0 8. Ne2 Qd7 9. 0-0 Bh3 10. Bxh3 Qxh3 11. c4 dxc4 12. Nxc4 Nc6 13. b4 Rfd8 14. Qb3 b5 15. Nb2 Qe6 16. Qc3 Rac8 17. a4 a6 18. Nf4 Qe4 19. Rfc1 Ne7 20. Nbd3 Nd5 21. Nxd5 Qxd5 22. Qc5 Qxc5 23. Rxc5 Rd6 24. Rac1 Bf8 25. a5 h5 26. Rxc7 Rxc7 27. Rxc7 Kg7 28. Nc5 1-0

[Event "Catalunya-chT Gp2"]
[Site "Barcelona"]
[Date "2020.02.01"]
[Round "3.6"]
[White "Ibanez Tarradellas, Eduardo"]
[Black "Vehi Bach, Victor Manuel"]
[Result "1/2-1/2"]
[WhiteElo "2175"]
[BlackElo "2316"]
[PlyCount "55"]
[EventDate "2020.01.18"]
[EventType "team-tourn"]
[EventRounds "7"]
[EventCountry "ESP"]
[SourceTitle "CBM 194 Extra"]
[Source "ChessBase"]
[SourceDate "2020.03.31"]
[SourceVersion "1"]
[SourceVersionDate "2020.03.31"]
[SourceQuality "1"]
[WhiteTeam "Figueres"]
[BlackTeam "Barcelona Escola Escacs"]
[WhiteTeamCountry "ESP"]
[BlackTeamCountry "ESP"]

1. d4 Nf6 2. Bg5 d5 3. Nd2 c5 4. Bxf6 gxf6 5. dxc5 Qa5 6. c3 Qxc5 7. e4 dxe4 8. Nxe4 Qe5 9. Qe2 Bf5 10. Ng3 Bg6 11. Nf3 Qxe2+ 12. Bxe2 Nc6 13. 0-0 e6 14. Rad1 Be7 15. Rd2 f5 16. Rfd1 f4 17. Nf1 Rd8 18. Rxd8+ Bxd8 19. Bb5 Bf6 20. Nd4 Bxd4 21. Rxd4 e5 22. Rd5 f6 23. f3 Ke7 24. Bxc6 bxc6 25. Ra5 Ra8 26. Kf2 Kd6 27. Nd2 Kc7 28. Ne4 1/2-1/2

[Event "Catalunya-chT Gp2"]
[Site "Barcelona"]
[Date "2020.01.18"]
[Round "1.6"]
[White "Ibanez Tarradellas, Eduardo"]
[Black "Ryan, Joseph"]
[Result "0-1"]
[WhiteElo "2175"]
[BlackElo "2293"]
[PlyCount "52"]
[EventDate "2020.01.18"]
[EventType "team-tourn"]
[EventRounds "7"]
[EventCountry "ESP"]
[SourceTitle "CBM 194 Extra"]
[Source "ChessBase"]
[SourceDate "2020.03.31"]
[SourceVersion "1"]
[SourceVersionDate "2020.03.31"]
[SourceQuality "1"]
[WhiteTeam "Figueres"]
[BlackTeam "Valls"]
[WhiteTeamCountry "ESP"]
[BlackTeamCountry "ESP"]

1. d4 e6 2. Nc3 d5 3. Bf4 Bd6 4. e3 Bxf4 5. exf4 Nf6 6. g3 0-0 7. Bg2 c5 8. dxc5 Qa5 9. Nge2 Nc6 10. 0-0 Qxc5 11. Qd2 Bd7 12. Rfd1 b5 13. Nd4 Nxd4 14. Qxd4 Rac8 15. Rac1 b4 16. Ne2 Qxd4 17. Rxd4 Bb5 18. Bf3 a5 19. c3 Bxe2 20. Bxe2 Rc5 21. c4 Rfc8 22. b3 Ne4 23. Ra1 Nc3 24. Bf1 g6 25. a3 dxc4 26. Rxc4 Rxc4 0-1

[Event "Torroella de Montgri U2200 2nd"]
[Site "Torroella de Montgri"]
[Date "2019.09.07"]
[Round "4.3"]
[White "Pla Andreu, Abraham"]
[Black "Ibanez Tarradellas, Eduardo"]
[Result "0-1"]
[WhiteElo "1870"]
[BlackElo "2180"]
[PlyCount "100"]
[EventDate "2019.09.06"]
[EventType "swiss"]
[EventRounds "7"]
[EventCountry "ESP"]
[SourceTitle "EXT 2024"]
[Source "ChessBase"]
[SourceDate "2023.10.10"]
[SourceVersion "1"]
[SourceVersionDate "2023.10.10"]
[SourceQuality "1"]

1. d4 d5 2. Nf3 Nc6 3. Bf4 Bg4 4. e3 e6 5. Nbd2 Bd6 6. Bxd6 cxd6 7. h3 Bh5 8. Be2 Nf6 9. c3 0-0 10. 0-0 Rb8 11. Ne1 Bg6 12. Bd3 b5 13. Bxg6 hxg6 14. Qe2 Qb6 15. g4 Rfc8 16. Nd3 b4 17. cxb4 Nxb4 18. Nxb4 Qxb4 19. Nb3 a5 20. Rfc1 Rxc1+ 21. Rxc1 Qa4 22. Rc2 Qxa2 23. Nc1 Qa4 24. Kg2 Qb5 25. Qxb5 Rxb5 26. f3 Kf8 27. Kf2 Ke8 28. Ke2 Kd7 29. Nd3 Ne8 30. g5 Nc7 31. Rc3 Na6 32. Ra3 Nb8 33. Kd2 Nc6 34. Ra1 e5 35. Kc3 Ke6 36. Rf1 a4 37. Ra1 Rb3+ 38. Kd2 Nb4 39. Nc1 Rxb2+ 40. Kc3 a3 41. Rxa3 Rc2+ 42. Kxb4 Rxc1 43. dxe5 Kxe5 44. Ra7 Ke6 45. Ra8 Rc4+ 46. Kb3 Rh4 47. Kc3 Rxh3 48. Kd4 Rxf3 49. Rg8 Rf5 50. Rxg7 Rxg5 0-1

[Event "Catalunya-chT GpB final"]
[Site "Barcelona"]
[Date "2019.03.16"]
[Round "2.5"]
[White "Gallart Zafra, Jaume"]
[Black "Ibanez Tarradellas, Eduardo"]
[Result "1/2-1/2"]
[WhiteElo "2167"]
[BlackElo "2219"]
[PlyCount "86"]
[EventDate "2019.03.09"]
[EventType "team-tourn"]
[EventRounds "4"]
[EventCountry "ESP"]
[SourceTitle "EXT 2020"]
[Source "ChessBase"]
[SourceDate "2019.10.17"]
[SourceVersion "1"]
[SourceVersionDate "2019.10.17"]
[SourceQuality "1"]
[WhiteTeam "Tres Peons"]
[BlackTeam "Figueres"]
[WhiteTeamCountry "ESP"]
[BlackTeamCountry "ESP"]

1. e4 d5 2. exd5 Qxd5 3. Nc3 Qa5 4. g3 Nf6 5. Bg2 g6 6. Nge2 Bg7 7. b4 Qxb4 8. Rb1 Qd6 9. Rxb7 c6 10. Rb3 Be6 11. Rb7 Bc8 12. Rb1 0-0 13. 0-0 Ba6 14. Re1 Nbd7 15. d3 Nb6 16. Rb3 Rfe8 17. Ba3 Qc7 18. Qd2 Rad8 19. Qe3 Bc8 20. Qc5 Be6 21. Rbb1 Nfd5 22. Qa5 Nxc3 23. Nxc3 Bd5 24. Bc5 Bxg2 25. Kxg2 Bxc3 26. Qxc3 Na4 27. Qc4 Nxc5 28. Qxc5 e6 29. Rb4 Rb8 30. Reb1 Rxb4 31. Rxb4 Qd7 32. f3 Rc8 33. a4 Rc7 34. Rb8+ Kg7 35. Qf8+ Kf6 36. Qh8+ Ke7 37. Qxh7 Qd4 38. Qg8 Rd7 39. Qe8+ Kf6 40. Rb7 Qe3 41. Qxd7 Qd2+ 42. Kh3 Qh6+ 43. Kg2 Qd2+ 1/2-1/2

[Event "Catalunya-chT Gp1"]
[Site "Barcelona"]
[Date "2019.02.23"]
[Round "6.4"]
[White "Ibanez Tarradellas, Eduardo"]
[Black "Sole Pijuan, Ferran"]
[Result "1/2-1/2"]
[WhiteElo "2219"]
[BlackElo "2202"]
[PlyCount "39"]
[EventDate "2019.01.19"]
[EventType "team-tourn"]
[EventRounds "7"]
[EventCountry "ESP"]
[SourceTitle "CBM 189 Extra"]
[Source "ChessBase"]
[SourceDate "2019.06.03"]
[SourceVersion "1"]
[SourceVersionDate "2019.06.03"]
[SourceQuality "1"]
[WhiteTeam "Figueres"]
[BlackTeam "Lleida"]
[WhiteTeamCountry "ESP"]
[BlackTeamCountry "ESP"]

1. d4 d5 2. Nf3 Nf6 3. Bg5 Ne4 4. Bf4 c5 5. e3 Nc6 6. c3 Qb6 7. Qc1 f6 8. h3 cxd4 9. exd4 e5 10. Be3 exd4 11. Nxd4 Nxd4 12. Bxd4 Bc5 13. Bxc5 Qxc5 14. Qe3 Qxe3+ 15. fxe3 Ng3 16. Rg1 h5 17. Bd3 Bf5 18. Kf2 Bxd3 19. Kxg3 Bxb1 20. Raxb1 1/2-1/2

[Event "Catalunya-chT Gp1"]
[Site "Barcelona"]
[Date "2019.02.16"]
[Round "5.4"]
[White "Ibanez Tarradellas, Eduardo"]
[Black "Diaz Camallonga, Carles"]
[Result "0-1"]
[WhiteElo "2219"]
[BlackElo "2432"]
[PlyCount "62"]
[EventDate "2019.01.19"]
[EventType "team-tourn"]
[EventRounds "7"]
[EventCountry "ESP"]
[SourceTitle "CBM 189 Extra"]
[Source "ChessBase"]
[SourceDate "2019.06.03"]
[SourceVersion "1"]
[SourceVersionDate "2019.06.03"]
[SourceQuality "1"]
[WhiteTeam "Figueres"]
[BlackTeam "Colon Sabadell"]
[WhiteTeamCountry "ESP"]
[BlackTeamCountry "ESP"]

1. d4 e6 2. Nf3 Nf6 3. Bg5 c5 4. e3 cxd4 5. exd4 b6 6. Nbd2 Bb7 7. Bd3 Be7 8. 0-0 0-0 9. Re1 h6 10. Bh4 Nh5 11. Bxe7 Qxe7 12. a4 Nf6 13. a5 Na6 14. c3 d6 15. Ra3 Nc7 16. Qe2 Ncd5 17. g3 Qc7 18. Rea1 Rfe8 19. Bb5 Rec8 20. Ba6 Bxa6 21. Qxa6 Rab8 22. Rb3 Qd7 23. c4 b5 24. cxb5 Ra8 25. Kg2 Qd8 26. Ra4 Nc7 27. Qc6 Ncd5 28. Qa6 Nc7 29. Qc6 Rab8 30. Nc4 Nxb5 31. Qa6 Nc7 0-1

[Event "Catalunya-chT Gp1"]
[Site "Barcelona"]
[Date "2019.02.09"]
[Round "4.5"]
[White "Ibanez Tarradellas, Eduardo"]
[Black "Fernandez Diaz, Cristian"]
[Result "0-1"]
[WhiteElo "2219"]
[BlackElo "2224"]
[PlyCount "76"]
[EventDate "2019.01.19"]
[EventType "team-tourn"]
[EventRounds "7"]
[EventCountry "ESP"]
[SourceTitle "CBM 188 Extra"]
[Source "ChessBase"]
[SourceDate "2019.02.26"]
[SourceVersion "1"]
[SourceVersionDate "2019.02.26"]
[SourceQuality "1"]
[WhiteTeam "Figueres"]
[BlackTeam "Mollet"]
[WhiteTeamCountry "ESP"]
[BlackTeamCountry "ESP"]

1. d4 Nf6 2. Bg5 g6 3. Nd2 d5 4. e3 Bg7 5. Ngf3 0-0 6. Bd3 c5 7. c3 b6 8. 0-0 Bb7 9. Qb1 Nbd7 10. b4 Qc8 11. h3 Re8 12. Bf4 Nh5 13. Bh2 e5 14. g4 e4 15. gxh5 exd3 16. Qxd3 Nf6 17. hxg6 hxg6 18. Kg2 Ne4 19. Rab1 c4 20. Qc2 Qf5 21. Nxe4 dxe4 22. Ng1 g5 23. Qe2 Bd5 24. Qh5 Re6 25. Bg3 Rh6 26. Qg4 Qg6 27. Qd7 Be6 28. Qb7 Rf8 29. f4 exf3+ 30. Qxf3 g4 31. Qf2 Bd5+ 32. Kh2 Be4 33. Rb2 Qh7 34. h4 f5 35. Ne2 Bf6 36. Nf4 Rxh4+ 37. Bxh4 Bxh4 38. Qe2 Bf2+ 0-1

[Event "Catalunya-chT Gp1"]
[Site "Barcelona"]
[Date "2017.02.11"]
[Round "4.4"]
[White "Boix Moreno, Daniel"]
[Black "Ibanez Tarradellas, Eduardo"]
[Result "1/2-1/2"]
[WhiteElo "2271"]
[BlackElo "2208"]
[PlyCount "86"]
[EventDate "2017.01.21"]
[EventType "team-tourn"]
[EventRounds "7"]
[EventCountry "ESP"]
[SourceTitle "CBM 176 Extra"]
[Source "ChessBase"]
[SourceDate "2017.03.02"]
[SourceVersion "1"]
[SourceVersionDate "2017.03.02"]
[SourceQuality "1"]
[WhiteTeam "Tres Peons"]
[BlackTeam "Figueres"]
[WhiteTeamCountry "ESP"]
[BlackTeamCountry "ESP"]

1. e4 d5 2. exd5 Qxd5 3. Nc3 Qa5 4. d4 Nf6 5. Nf3 Ne4 6. Bd3 Nxc3 7. bxc3 g6 8. 0-0 Bg7 9. Re1 0-0 10. Rxe7 Nc6 11. Re4 Qxc3 12. Bd2 Qb2 13. Bc4 Bf5 14. Rb1 Qxb1 15. Qxb1 Bxe4 16. Ng5 Rae8 17. Qb3 Re7 18. d5 Nd4 19. Qh3 h5 20. Nxe4 Rxe4 21. Bd3 Re5 22. Qd7 Rfe8 23. h3 R5e7 24. Qa4 a6 25. Be3 Nb5 26. Bxb5 axb5 27. Qxb5 b6 28. Qc6 Kh7 29. c4 Bh6 30. Bxh6 Kxh6 31. Kh2 Kg7 32. a4 Rd8 33. f4 Rd6 34. Qb7 Red7 35. Qc8 Re7 36. Kg3 f6 37. Kf3 f5 38. Qa8 Rdd7 39. Qc8 Rd6 40. Qb7 Red7 41. Qa6 Re7 42. Qb7 Red7 43. Qc8 Re7 1/2-1/2

[Event "Catalunya-chT Gp1 final"]
[Site "Barcelona"]
[Date "2016.04.16"]
[Round "4.2"]
[White "Ibanez Tarradellas, Eduardo"]
[Black "Garriga Cazorla, Pere"]
[Result "0-1"]
[WhiteElo "2200"]
[BlackElo "2394"]
[PlyCount "74"]
[EventDate "2016.03.12"]
[EventType "team-tourn"]
[EventRounds "4"]
[EventCountry "ESP"]
[SourceTitle "EXT 2017"]
[Source "ChessBase"]
[SourceDate "2016.10.25"]
[SourceVersion "1"]
[SourceVersionDate "2016.10.25"]
[SourceQuality "1"]
[WhiteTeam "Figueres"]
[BlackTeam "Mollet"]
[WhiteTeamCountry "ESP"]
[BlackTeamCountry "ESP"]

1. d4 Nf6 2. Bg5 d5 3. Bxf6 exf6 4. e3 Bd6 5. c4 dxc4 6. Bxc4 0-0 7. Nc3 f5 8. Nf3 Nd7 9. 0-0 c6 10. a3 a5 11. Qc2 Nf6 12. h3 Qe7 13. Rfe1 Ne4 14. Bd3 Re8 15. Na4 Bc7 16. Rac1 g6 17. d5 Bd7 18. dxc6 Bxc6 19. Nd4 Qd6 20. Nxc6 Qh2+ 21. Kf1 bxc6 22. Bxe4 fxe4 23. Qxc6 Be5 24. Rc5 Bg7 25. Nb6 Rad8 26. Rd5 Rf8 27. Red1 Rb8 28. b4 axb4 29. axb4 Qh1+ 30. Ke2 Qxg2 31. b5 Qf3+ 32. Ke1 Bc3+ 33. Qxc3 Rxb6 34. Qc5 Rf6 35. R1d2 Qh1+ 36. Ke2 Qg1 37. Rd8 Rxf2# 0-1

[Event "Catalunya-chT Gp1 final"]
[Site "Barcelona"]
[Date "2016.04.09"]
[Round "3.4"]
[White "Ibanez Tarradellas, Eduardo"]
[Black "Akbarinia, Sayed Arash"]
[Result "0-1"]
[WhiteElo "2200"]
[BlackElo "2403"]
[PlyCount "93"]
[EventDate "2016.03.12"]
[EventType "team-tourn"]
[EventRounds "4"]
[EventCountry "ESP"]
[SourceTitle "EXT 2017"]
[Source "ChessBase"]
[SourceDate "2016.10.25"]
[SourceVersion "1"]
[SourceVersionDate "2016.10.25"]
[SourceQuality "1"]
[WhiteTeam "Figueres"]
[BlackTeam "Sant Andreu"]
[WhiteTeamCountry "ESP"]
[BlackTeamCountry "ESP"]

1. d4 d5 2. Bg5 h6 3. Bh4 c6 4. e3 Qb6 5. Qc1 Bf5 6. Nf3 e6 7. Be2 Nd7 8. 0-0 Ngf6 9. c4 Be7 10. Nc3 0-0 11. c5 Qd8 12. b4 Ne4 13. Bxe7 Qxe7 14. Nxe4 Bxe4 15. Nd2 Bh7 16. Nb3 e5 17. Re1 Nf6 18. Qb2 Rfe8 19. Na5 exd4 20. Qxd4 Qc7 21. Rac1 Re4 22. Qd2 Rae8 23. Nb3 Rh4 24. f4 Ne4 25. Qd1 Qe7 26. Bf3 Qf6 27. Nd2 Rxf4 28. Nxe4 Rfxe4 29. Bxe4 Bxe4 30. Qd2 Re5 31. Rf1 Qg6 32. g3 Rg5 33. Rf4 h5 34. Qf2 Qe6 35. Rf1 f6 36. Rh4 Qe5 37. Rf4 a6 38. h4 Rg6 39. Kh2 Rg4 40. Qd2 Qe8 41. Rxg4 hxg4 42. Rf4 f5 43. Qd4 Qe7 44. Kg1 Kf7 45. Kf2 a5 46. a3 axb4 47. axb4 0-1

[Event "Catalunya-chT Gp1"]
[Site "Barcelona"]
[Date "2016.03.05"]
[Round "7.2"]
[White "Ibanez Tarradellas, Eduardo"]
[Black "Jimenez Ruano, Adrian"]
[Result "1-0"]
[WhiteElo "2200"]
[BlackElo "2132"]
[PlyCount "47"]
[EventDate "2016.01.23"]
[EventType "team-tourn"]
[EventRounds "7"]
[EventCountry "ESP"]
[SourceTitle "EXT 2017"]
[Source "ChessBase"]
[SourceDate "2016.10.25"]
[SourceVersion "1"]
[SourceVersionDate "2016.10.25"]
[SourceQuality "1"]
[WhiteTeam "Figueres"]
[BlackTeam "Cerdanyola Valles"]
[WhiteTeamCountry "ESP"]
[BlackTeamCountry "ESP"]

1. d4 Nf6 2. Bg5 Ne4 3. Bf4 c5 4. f3 Qa5+ 5. c3 Nf6 6. Nd2 cxd4 7. Nc4 Qd5 8. cxd4 Nc6 9. e3 d6 10. Bg3 b5 11. Na3 a6 12. Ne2 Qg5 13. Bf4 Qh5 14. h4 b4 15. Bg5 e5 16. Ng3 Qg6 17. Bd3 e4 18. fxe4 Nd7 19. e5 Qe6 20. Bf5 Qd5 21. Be4 Qa5 22. Nc4 Qb5 23. Qf3 Qxc4 24. Bxc6 1-0

[Event "Catalunya-chT Gp1"]
[Site "Barcelona"]
[Date "2016.01.23"]
[Round "1.4"]
[White "Vidarte Morales, Arturo"]
[Black "Ibanez Tarradellas, Eduardo"]
[Result "1/2-1/2"]
[WhiteElo "2306"]
[BlackElo "2200"]
[PlyCount "70"]
[EventDate "2016.01.23"]
[EventType "team-tourn"]
[EventRounds "7"]
[EventCountry "ESP"]
[SourceTitle "CBM 170 Extra"]
[Source "ChessBase"]
[SourceDate "2016.02.25"]
[SourceVersion "1"]
[SourceVersionDate "2016.02.25"]
[SourceQuality "1"]
[WhiteTeam "Montcada"]
[BlackTeam "Figueres"]
[WhiteTeamCountry "ESP"]
[BlackTeamCountry "ESP"]

1. c4 e5 2. g3 Nf6 3. Nc3 Bc5 4. Nf3 d6 5. Bg2 Nc6 6. 0-0 a6 7. d3 h6 8. a3 0-0 9. b4 Ba7 10. Bb2 Bf5 11. h3 Qd7 12. Kh2 Rae8 13. e3 g5 14. Nd5 Nxd5 15. cxd5 Ne7 16. e4 Bg6 17. d4 Bxe4 18. dxe5 Bxd5 19. exd6 Qxd6 20. h4 f6 21. Rc1 Be4 22. Qb3+ Qd5 23. Qc3 Nc6 24. Rce1 Bd4 25. Nxd4 Bxg2 26. Rxe8 Bxf1 27. Rxf8+ Kxf8 28. Qc5+ Qxc5 29. Ne6+ Kf7 30. Nxc5 b6 31. Nd7 f5 32. Ne5+ Nxe5 33. Bxe5 c5 34. Bc7 cxb4 35. axb4 b5 1/2-1/2

[Event "Catalunya-chT GpA final"]
[Site "Barcelona"]
[Date "2015.04.11"]
[Round "10.1"]
[White "Ibanez Tarradellas, Eduardo"]
[Black "Colon Garcia, Enrique"]
[Result "0-1"]
[WhiteElo "2267"]
[BlackElo "2283"]
[PlyCount "110"]
[EventDate "2015.03.14"]
[EventType "team-tourn"]
[EventRounds "11"]
[EventCountry "ESP"]
[SourceTitle "EXT 2016"]
[Source "ChessBase"]
[SourceDate "2015.10.08"]
[SourceVersion "1"]
[SourceVersionDate "2015.10.08"]
[SourceQuality "1"]
[WhiteTeam "Barcelona Escola Escacs"]
[BlackTeam "Colon Sabadell"]
[WhiteTeamCountry "ESP"]
[BlackTeamCountry "ESP"]

1. d4 Nf6 2. Bg5 Ne4 3. Bf4 e6 4. e3 d5 5. Bd3 Nf6 6. Nf3 c5 7. c3 Qb6 8. Qb3 c4 9. Qxb6 axb6 10. Bc2 Nc6 11. 0-0 b5 12. Ne5 Nh5 13. b4 Nxf4 14. exf4 Nxb4 15. cxb4 Bxb4 16. a3 0-0 17. axb4 Rxa1 18. Nc3 Ra3 19. Nxb5 Ra2 20. Rc1 Rb2 21. Nc3 Rxb4 22. Ba4 f6 23. Nf3 Rd8 24. Kf1 Rd6 25. Ke1 Ra6 26. Bc2 g6 27. g4 Ra3 28. Kd2 Rb2 29. Ng1 b5 30. Nd1 Rba2 31. Nc3 Rb2 32. Nd1 Rba2 33. Nc3 Ra1 34. Nxb5 Rxc1 35. Kxc1 Ra5 36. Nc3 e5 37. fxe5 fxe5 38. Nf3 exd4 39. Nxd4 Bxg4 40. Nc6 Ra1+ 41. Bb1 Kg7 42. Nxd5 Bf5 43. Nc3 Bxb1 44. Nxb1 Ra2 45. Nd2 c3 46. Ne4 Re2 47. f3 Rxh2 48. Nd4 h5 49. Nxc3 h4 50. Nce2 h3 51. Ng3 Rg2 52. Nde2 Kh6 53. Kd1 Kg5 54. Ke1 Kh4 55. Nh1 Rh2 0-1